04888 2202389 4500001002100000005001500021008004100036020002200077035002000099082000800119084001400127100002100141245003600162250000600198260003400204300003700238650001500275990001200290990001200302990001200314990001200326990001200338990001200350990001200362990001200374990001200386990001200398990001200410990001200422990001200434990001200446990001200458990001200470990001200482990001200494990001200506990001200518990001200530990001200542990001200554990001200566990001200578990001200590990001200602990001200614990001200626990001200638990001200650990001200662990001200674990001200686990001200698990001200710990001200722990001200734990001200746990001200758990001200770990001200782990001200794990001200806990001200818990001200830990001200842990001200854990001200866990001200878990001200890990001200902990001200914990001200926990001200938990001200950990001200962990001200974990001200986990001200998990001201010990001201022990001201034990001201046990001201058990001201070990001201082990001201094990001201106990001201118990001201130990001201142990001201154990001201166990001201178990001201190990001201202990001201214990001201226990001201238990001201250990001201262990001201274990001201286990001201298990001201310990001201322990001201334990001201346990001201358990001201370990001201382990001201394990001201406990001201418990001201430990001201442990001201454990001201466990001201478990001201490990001201502990001201514990001201526990001201538990001201550990001201562990001201574990001201586990001201598990001201610990001201622990001201634990001201646990001201658990001201670990001201682990001201694990001201706990001201718990001201730990001201742990001201754990001201766990001201778990001201790990001201802990001201814990001201826990001201838990001201850990001201862990001201874990001201886990001201898990001201910990001201922990001201934990001201946990001201958990001201970990001201982990001201994990001202006990001202018990001202030990001202042990001202054990001202066990001202078990001202090990001202102990001202114990001202126990001202138990001202150990001202162990001202174990001202186990001202198990001202210990001202222990001202234990001202246990001202258990001202270990001202282990001202294990001202306990001202318990001202330990001202342990001202354990001202366990001202378990001202390990001202402990001202414990001202426990001202438990001202450990001202462990001202474990001202486INLIS00000000000139720240801083659240801 0 ind  a978-602-244-847-1 a0010-0824000003 a301 a301 JOA s aGita, Joan Hesti1 aSosiologi /cJoan Hesti Gita P. a1 aJakarta :bKemendikbud,c2022 a226 hlm :bilus. ;c17.5 x 25 cm 4aBuku Paket a0752555 a0752556 a0752557 a0752558 a0752559 a0752560 a0752561 a0752562 a0752563 a0752564 a0752565 a0752566 a0752567 a0752568 a0752569 a0752570 a0752571 a0752572 a0752573 a0752574 a0752575 a0752576 a0752577 a0752578 a0752579 a0752580 a0752581 a0752582 a0752583 a0752584 a0752585 a0752586 a0752587 a0752588 a0752589 a0752590 a0752591 a0752592 a0752593 a0752594 a0752595 a0752596 a0752597 a0752598 a0752599 a0752600 a0752601 a0752602 a0752603 a0752604 a0752605 a0752606 a0752607 a0752608 a0752609 a0752610 a0752611 a0752612 a0752613 a0752614 a0752615 a0752616 a0752617 a0752618 a0752619 a0752620 a0752621 a0752622 a0752623 a0752624 a0752625 a0752626 a0752627 a0752628 a0752629 a0752630 a0752631 a0752632 a0752633 a0752634 a0752635 a0752636 a0752637 a0752638 a0752639 a0752640 a0752641 a0752642 a0752643 a0752644 a0752645 a0752646 a0752647 a0752648 a0752649 a0752650 a0752651 a0752652 a0752653 a0752654 a0752655 a0752656 a0752657 a0752658 a0752659 a0752660 a0752661 a0752662 a0752663 a0752664 a0752665 a0752666 a0752667 a0752668 a0752669 a0752670 a0752671 a0752672 a0752673 a0752674 a0752675 a0752676 a0752677 a0752678 a0752679 a0752680 a0752681 a0752682 a0752683 a0752684 a0752685 a0752686 a0752687 a0752688 a0752689 a0752690 a0752691 a0752692 a0752693 a0752694 a0752695 a0752696 a0752697 a0752698 a0752699 a0752700 a0752701 a0752702 a0752703 a0752704 a0752705 a0752706 a0752707 a0752708 a0752709 a0752710 a0752711 a0752712 a0752713 a0752714 a0752715 a0752716 a0752717 a0752718 a0752719 a0752720 a0752721 a0752722 a0752723 a0752724 a0752725 a0752726 a0752727 a0752728 a0752729 a0752730 a0752731 a0752732 a0752733 a0752734 a0752735 a0752736 a0752737 a0752738